00512nam a22001577a 4500003000400000005001700004008004100021020001500062050002400077082003200101245012000133260004900253300003000302526001600332562000600348OSt20191122151135.0130131t xxu||||| |||| 00| 0 eng d a9715551726 aJQ 1419b.L254 1996 aFIL 324.9599047b.L254 1996 aPost-Marcos politics :ba geographical and statistical analysis of the 1992 presidential election /cLande, Carl H. aManila :bDe La Salle University Pressc1996 axiv, 171 p.bmapsc23 cm. c1210L-1700L e2